ბათუმის შოთა რუსთაველის სახელმწიფო უნივერსიტეტის ბიბლიოთეკა

Уголовно-исполнительное право (ბიბ.ჩანაწერი № 36076)

000 -LEADER
fixed length control field 00665nam a2200229Ia 4500
001 - CONTROL NUMBER
control field 1976
003 - CONTROL NUMBER IDENTIFIER
control field GE_BSU
008 - FIXED-LENGTH DATA ELEMENTS--GENERAL INFORMATION
fixed length control field 181216s||||||||xx |||||||||||||| ||und||
020 ## - INTERNATIONAL STANDARD BOOK NUMBER
International Standard Book Number 9785951602244
040 ## - CATALOGING SOURCE
Transcribing agency GE_BSU
080 ## - UNIVERSAL DECIMAL CLASSIFICATION NUMBER
Universal Decimal Classification number 343(075.8)
245 ## - TITLE STATEMENT
Title Уголовно-исполнительное право
245 ## - TITLE STATEMENT
Remainder of title Учебник для юридических вузов
245 ## - TITLE STATEMENT
Statement of responsibility, etc. Под ред.В.И. Селиверстова
260 ## - PUBLICATION, DISTRIBUTION, ETC.
Place of publication, distribution, etc. Москва
260 ## - PUBLICATION, DISTRIBUTION, ETC.
Name of publisher, distributor, etc. Юриспруденция
260 ## - PUBLICATION, DISTRIBUTION, ETC.
Date of publication, distribution, etc. 2007
300 ## - PHYSICAL DESCRIPTION
Extent 392стр.
653 ## - INDEX TERM--UNCONTROLLED
Uncontrolled term Уголовно-исполнительное право
942 ## - ADDED ENTRY ELEMENTS (KOHA)
Koha item type წიგნი
ეგზემპლარები
Withdrawn status Lost status Damaged status Not for loan Date acquired Barcode Date last seen Price effective from Koha item type
        2018-12-17 3793 2018-12-17 2018-12-17 წიგნი